书目信息 |
| 题名: |
电脑组装及维护看图实训教程
|
|
| 作者: | ;金榜教育资讯 , 金榜教育资讯 编著 | |
| 分册: | ||
| 出版信息: | 北京 中国铁道出版社 2003.10 |
|
| 页数: | 306页 | |
| 开本: | 26cm | |
| 丛书名: | 电脑看图实训教程丛书 | |
| 单 册: | ||
| 中图分类: | TP30 | |
| 科图分类: | ||
| 主题词: | 微型计算机--组装--教材 , 微型计算机--维修--教材 , 计算技术 , 电子计算机 | |
| 电子资源: | ||
| ISBN: | 7-113-05489-7 | |
| 000 | 01169nam2 2200337 45 | |
| 001 | 012003905320 | |
| 005 | 20040205132315.0 | |
| 009 | 012003905320 | |
| 010 | @a7-113-05489-7@dCNY28.00 | |
| 035 | @a(110017)062002003887 | |
| 100 | @a20040922d2003 em y0chiy0110 ea | |
| 101 | 0 | @achi |
| 102 | @aCN@b110000 | |
| 105 | @aa z 000yy | |
| 200 | 1 | @a电脑组装及维护看图实训教程@Adian nao zu zhuang ji wei hu kan tu shi xun jiao cheng@f金榜教育资讯编著@Fjin bang jiao yu zi xun bian zhu |
| 210 | @a北京@c中国铁道出版社@d2003.10 | |
| 215 | @a306页@c图@d26cm | |
| 225 | 2 | @a电脑看图实训教程丛书 |
| 330 | @a本书主要讲解了电脑组装与维修的基础知识、操作过程、硬件的性质和选购以及系统维护和保养等内容。 | |
| 410 | 0 | @12001 @a电脑看图实训教程丛书 |
| 606 | 0 | @a微型计算机@x组装@j教材 |
| 606 | 0 | @a微型计算机@x维修@j教材 |
| 606 | 0 | @a计算技术 |
| 606 | 0 | @a电子计算机 |
| 690 | @aTP30@v4 | |
| 711 | 02 | @a金榜教育资讯@9jin bang jiao yu zi xun@4编著 |
| 711 | 0 | @a金榜教育资讯@Ajin bang jiao yu zi xun@4编著 |
| 801 | 0 | @aCN@b021001@c20040922 |
| 905 | @aBZT@dTP30@e3@f6 | |
| 906 | @dCNY28.00@n0@r1 | |
| 999 | @tA@Ahy@a20040205 13:23:14@Ghy@g20040205 13:24:05 | |
| 电脑组装及维护看图实训教程/金榜教育资讯编著.-北京:中国铁道出版社,2003.10 |
| 306页:图;26cm.-(电脑看图实训教程丛书) |
| ISBN 7-113-05489-7:CNY28.00 |
| 本书主要讲解了电脑组装与维修的基础知识、操作过程、硬件的性质和选购以及系统维护和保养等内容。 |
| ● |
| 相关链接 |
|
|
|
正题名:电脑组装及维护看图实训教程
索取号:TP30/3
 
预约/预借
| 序号 | 登录号 | 条形码 | 馆藏地/架位号 | 状态 | 备注 |
| 1 | 0367968 | 230085692 | 中心书库中库/ 中库028架B面7列3层31/ [索取号:TP30/3] | 在馆 | |
| 2 | 0367969 | 200630656 | 中心书库中库/ 中库028架B面7列3层29/ [索取号:TP30/3] | 在馆 | |
| 3 | 0367970 | 230085478 | 中心书库中库/ 中库028架B面7列3层30/ [索取号:TP30/3] | 在馆 | |
| 4 | 0367972 | 230085476 | 中心书库中库/ 中库028架B面7列3层28/ [索取号:TP30/3] | 在馆 |